00406nam a2200157Ia 4500100002300000650001200023942000700035654000900042245002800051260003000079082001000109300000800119546001200127999001700139952009200156 aSholokhov/Mikhail  aGeneral cBK aSoil aVirgin Soil Upturned II bProgress Publishersc1960 a891.7 a466 aENGLISH c25292d25292 001040708AFTaCRCEbCRCEd2023-03-17l0o891.7 pAFT1120r2023-03-17w2023-03-17yBK